Normal view
MARC view
- Thompkinson, D.K
Entry Personal Name
001 - CONTROL NUMBER
- control field: 330
003 - CONTROL NUMBER IDENTIFIER
- control field: OSt
005 - DATE AND TIME OF LATEST TRANSACTION
- control field: 20160609103948.0
008 - FIXED-LENGTH DATA ELEMENTS
- fixed length control field: 160609|| aca||aabn | a|a d
040 ## - CATALOGING SOURCE
- Original cataloging agency: OSt
- Transcribing agency: OSt
100 ## - HEADING--PERSONAL NAME
- Personal name: Thompkinson, D.K
670 ## - SOURCE DATA FOUND
- Source citation: Work cat.: (OSt): Thompkinson, D.K Latha Sabikhi, Quality Milk Production and Processing Technology, 2012
